LIBRARY & INFORMATION CENTRE, KCAET, TAVANUR

ONLINE PUBLIC ACCESS CATALOGUE (OPAC)

Numerical methods in FORTRAN / (Record no. 10914)

MARC details
000 -LEADER
fixed length control field 00616cam a2200229ua 4500
020 ## - INTERNATIONAL STANDARD BOOK NUMBER
ISBN 81 203 0048 3
041 ## - LANGUAGE CODE
Language code of text/sound track or separate title eng
082 ## - DEWEY DECIMAL CLASSIFICATION NUMBER
Classification number 005.262
Item number MCC/NU
100 ## - MAIN ENTRY--AUTHOR NAME
Personal name Mccormick, John M .
245 ## - TITLE STATEMENT
Title Numerical methods in FORTRAN /
250 ## - EDITION STATEMENT
Edition statement 1 /
260 ## - PUBLICATION, DISTRIBUTION, ETC. (IMPRINT)
Place of publication New Delhi :
Name of publisher Prentice Hall of India Pvt Ltd. ,
Year of publication 1995.
300 ## - PHYSICAL DESCRIPTION
Number of Pages 324 ; .
500 ## - GENERAL NOTE
General note 18943, 18944, 18945 CSS
700 1# - ADDED ENTRY--PERSONAL NAME
Personal name Salvadori, Mario G .
942 ## - ADDED ENTRY ELEMENTS (KOHA)
Koha item type Books
Holdings
Withdrawn status Lost status Damaged status Home library Current library Date acquired Full call number Accession Number Koha item type
      KAUAET   07/04/2012 005.262 18945 Books
      KAUAET   07/04/2012 005.262 18944 Books
      KAUAET   07/04/2012 005.262 18943 Books
free website counter